|
|
|
|
| LEADER |
01442cas a2200181 a 4500 |
| 001 |
AALConferenceProceedingsASME000445 |
| 008 |
230101c9999 xx r poo 0 0eng d |
| 020 |
|
|
|a 978-0-7918-4618-6
|
| 040 |
|
|
|a BD-DhAAL
|c BD-DhAAL
|
| 245 |
0 |
0 |
|h [electronic resource]
|a ASME 2014 Dynamic Systems and Control Conference - Volume 1: Active Control of Aerospace Structure; Motion Control; Aerospace Control; Assistive Robotic Systems; Bio-Inspired Systems; Biomedical/Bioengineering Applications; Building Energy Systems; Condition Based Monitoring; Control Design for Drilling Automation; Control of Ground Vehicles, Manipulators, Mechatronic Systems; Controls for Manufacturing; Distributed Control; Dynamic Modeling for Vehicle Systems; Dynamics and Control of Mobile and Locomotion Robots; Electrochemical Energy Systems
|
| 260 |
|
|
|b ASME
|
| 300 |
|
|
|a 1 online resource
|
| 500 |
|
|
|a <strong>Off-Campus Access:</strong> Athens ID and Password Required
|
| 500 |
|
|
|a <strong>On-Campus Access:</strong> No User ID or Password Required
|
| 506 |
|
|
|a Electronic access restricted to authorized BRAC University faculty, staff and students
|
| 538 |
|
|
|a Mode of access: Internet
|
| 856 |
4 |
0 |
|z Full text available on ASME[2014-2014]
|u https://asmedigitalcollection.asme.org/DSCC/DSCC2014/volume/46186
|
| 856 |
4 |
0 |
|z Off-campus access
|u https://go.openathens.net/redirector/bracu.ac.bd?url=https%3A%2F%2Fasmedigitalcollection.asme.org%2FDSCC%2FDSCC2014%2Fvolume%2F46186
|